000 00453nam a2200181Ia 4500
001 18483
005 20260306171634.0
008 260306s9999||||xx |||||||||||||| ||und||
041 _aESP
082 _a658.406
_bF56
100 _aFlaherty, John E.
_eAUT
245 0 _aPeter Drucker:
_bla esencia de la administración moderna
260 _c2001
300 _a436 páginas :
_c23 cm.
650 _aGEN
654 _aCAN
942 _cLIB
_dJUS
_fJUS
_2ddc
_n
999 _c18483
_d18483